Cellular Communication Networks and Standards: The Evolution from 1G to 6G (Record no. 1851102)

MARC details
000 -LEADER
fixed length control field 00325 a2200121 4500
000 - LEADER
fixed length control field nam a22 7a 4500
005 - DATE AND TIME OF LATEST TRANSACTION
control field 20260507135102.0
020 ## - INTERNATIONAL STANDARD BOOK NUMBER
International Standard Book Number 9783031578199
100 ## - MAIN ENTRY--PERSONAL NAME
Personal name Wei Jiang
245 ## - TITLE STATEMENT
Title Cellular Communication Networks and Standards: The Evolution from 1G to 6G
260 ## - PUBLICATION, DISTRIBUTION, ETC.
Name of publisher, distributor, etc. Springer
Date of publication, distribution, etc. 2024
942 ## - ADDED ENTRY ELEMENTS (KOHA)
Koha item type Textual
Holdings
Withdrawn status Lost status Source of classification or shelving scheme Damaged status Not for loan Home library Current library Date acquired Source of acquisition Cost, normal purchase price Inventory number Total Checkouts Barcode Date last seen Cost, replacement price Price effective from Koha item type
    Colon Classification (CC)   Ordered South Campus Library South Campus Library 2026-05-07 100 5137.06 IN32833 & 09/02/2026   SC1692214 2026-05-07 6421.33 2026-05-07 Textual
Copyright @ Delhi University Library System